[Event "Chigorin Memorial 2014"]
[Site "St Petersburg RUS"]
[Date "2014.10.20"]
[Round "3.57"]
[White "Grigorjev, Iljya"]
[Black "Delemarre, Jop"]
[Result "1-0"]
[BlackTitle "IM"]
[WhiteElo "2203"]
[BlackElo "2399"]
[WhiteFideId "24159565"]
[BlackFideId "1003704"]
[EventDate "2014.10.18"]

1. e4 d6 2. d4 g6 3. Nf3 Nf6 4. Nc3 Bg7 5. Bc4 O-O 6. O-O Bg4 7. h3 Bxf3 8. Qxf3
Nc6 9. Ne2 e5 10. d5 Ne7 11. Ng3 h5 12. b4 Nh7 13. Qd3 h4 14. Ne2 f5 15. f3 Rf7
16. Ba3 Nf6 17. Bb3 Nh5 18. c4 Nf4 19. Nxf4 exf4 20. c5 fxe4 21. fxe4 g5 22.
Rac1 Ng6 23. Bd1 Ne5 24. Qb3 g4 25. hxg4 Qg5 26. cxd6 cxd6 27. b5 Nxg4 28. Bxg4
Qxg4 29. Qf3 Qg6 30. Rc4 Be5 31. Qh3 Raf8 32. Rf3 Rg7 33. Bb4 Qh5 34. Be1 Rg4
35. Bc3 Bxc3 36. Rfxc3 Rg3 37. Qe6+ Kh8 38. Rc8 Rfg8 39. Qf6+ Rg7 40. R3c7 Qg5
41. Rxg7 Qxf6 42. Rcxg8# 1-0

[Event "Chigorin Memorial 2014"]
[Site "St Petersburg RUS"]
[Date "2014.10.20"]
[Round "3.73"]
[White "Vastrukhin, Oleg"]
[Black "Dobrovlyanskiy, Dmitriy"]
[Result "1-0"]
[WhiteElo "2397"]
[BlackElo "2117"]
[WhiteFideId "4192770"]
[BlackFideId "4142365"]
[EventDate "2014.10.18"]

1. Nf3 d5 2. g3 Nc6 3. d4 Bf5 4. Bg2 e6 5. O-O Nb4 6. Na3 Nf6 7. c3 Na6 8. Nc2
h6 9. Ne3 Bh7 10. Ne5 Bd6 11. Qa4+ c6 12. b3 Nc5 13. Nxc6 Nxa4 14. Nxd8 Nxc3 15.
Nxb7 Nxe2+ 16. Kh1 Bb4 17. Bb2 Rb8 18. Nc5 Bc3 19. Bxc3 Nxc3 20. Rfc1 Ne2 21.
Rd1 O-O 22. Bf1 Nc3 23. Rdc1 Nce4 24. f3 Nd6 25. Kg2 Nb5 26. Bxb5 Rxb5 27. Kf2
Rb4 28. Rd1 a5 29. Rac1 Rb6 30. h3 Rd8 31. Ng4 Ne8 32. Ne5 f6 33. Na4 Rbd6 34.
Nc6 Ra8 35. Rc5 Ra6 36. Nxa5 Kf7 37. b4 Ra7 38. Nc3 Rb6 39. Nb5 Rd7 40. a4 Nd6
41. Nxd6+ Rbxd6 42. Rdc1 e5 43. Ke3 g5 44. b5 Re7 45. Rc7 Re6 46. Rxe7+ Rxe7 47.
b6 1-0

[Event "Chigorin Memorial 2014"]
[Site "St Petersburg RUS"]
[Date "2014.10.20"]
[Round "3.74"]
[White "Pyatin, Alexander"]
[Black "Ponfilenok, Vladimir"]
[Result "0-1"]
[WhiteElo "2142"]
[BlackElo "2389"]
[WhiteFideId "24125920"]
[BlackFideId "24113522"]
[EventDate "2014.10.18"]

1. e4 e6 2. d4 d5 3. Nc3 Bb4 4. exd5 exd5 5. Bd3 c6 6. Ne2 Ne7 7. a3 Bd6 8. Bf4
Bf5 9. Qd2 O-O 10. O-O Bxd3 11. Qxd3 Ng6 12. Bxd6 Qxd6 13. Qg3 Qxg3 14. hxg3 Nd7
15. Nc1 f5 16. Nd3 f4 17. gxf4 Nxf4 18. Nxf4 Rxf4 19. Rad1 Re8 20. g3 Rf6 21.
Rfe1 Rfe6 22. Kf1 Nf6 23. Rxe6 Rxe6 24. Re1 Kf7 25. b4 g5 26. f3 h5 27. a4 Rxe1+
28. Kxe1 Ke6 29. Kf2 Ne8 30. Ne2 Nd6 31. g4 h4 32. Kg2 Kf6 33. a5 Nc4 34. c3
Ne3+ 35. Kf2 Nd1+ 36. Kg2 Nb2 37. Kf2 Nd3+ 38. Kg2 b6 39. axb6 axb6 40. Kg1 Ke6
41. Kg2 Kd6 42. Kg1 c5 43. bxc5+ bxc5 44. Kg2 cxd4 45. cxd4 Ke6 46. Kg1 Kf6 47.
Kg2 Ke6 48. Kh1 Kf6 49. Kg1 Nb4 50. Kg2 Nc6 51. Kh3 Ne7 52. Nc3 Ke6 53. f4 Kf6
54. f5 Kf7 55. Kh2 Ke8 56. Kh3 Kd7 57. f6 Nc6 58. f7 Ke7 59. Nxd5+ Kxf7 60. Ne3
Nxd4 61. Ng2 Nf3 62. Ne3 Ke6 63. Nf5 Ke5 64. Nh6 Kf4 65. Nf7 Ne5 66. Nh6 Kf3 67.
Nf5 Ng6 68. Nd4+ Ke4 69. Nf5 Nf4+ 70. Kh2 Kf3 71. Nh6 Nd3 72. Kg1 Ne5 0-1

[Event "Chigorin Memorial 2014"]
[Site "St Petersburg RUS"]
[Date "2014.10.20"]
[Round "3.78"]
[White "Kukhmazov, Arsen"]
[Black "Okun, Evgeny"]
[Result "1-0"]
[WhiteTitle "FM"]
[WhiteElo "2351"]
[BlackElo "2108"]
[WhiteFideId "24108260"]
[BlackFideId "24131806"]
[EventDate "2014.10.18"]

1. d4 e6 2. c4 f5 3. Nc3 Nf6 4. Qc2 Bb4 5. e3 b6 6. Bd3 Bb7 7. f3 Qe7 8. Ne2 Qf7
9. O-O O-O 10. Nb5 d5 11. cxd5 Nxd5 12. e4 fxe4 13. Bxe4 Nc6 14. Bxh7+ Kh8 15.
a3 a6 16. Nxc7 Qxc7 17. axb4 Ncxb4 18. Qxc7 Nxc7 19. Bg6 Rf6 20. Bb1 Ncd5 21.
Bd2 Rc8 22. Be4 Nc6 23. Rfc1 a5 24. Rc2 Rff8 25. Rac1 Nce7 26. Kf2 Rxc2 27. Rxc2
Rc8 28. Rxc8+ Nxc8 29. Nf4 Nd6 30. Nxe6 Nxe4+ 31. fxe4 Nf6 32. e5 Ne4+ 33. Ke3
Nxd2 34. Kxd2 Bxg2 35. Nf4 Bb7 36. d5 Kg8 37. d6 Bc8 38. e6 Kf8 39. d7 Bxd7 40.
exd7 Ke7 41. Ne6 1-0

[Event "Chigorin Memorial 2014"]
[Site "St Petersburg RUS"]
[Date "2014.10.20"]
[Round "3.98"]
[White "Ofitserian, Boris"]
[Black "Zhdanov, Petr"]
[Result "1-0"]
[WhiteElo "2282"]
[BlackElo "2040"]
[WhiteFideId "24199443"]
[BlackFideId "24105929"]
[EventDate "2014.10.18"]

1. d4 Nf6 2. c4 e6 3. g3 d5 4. Nf3 dxc4 5. Bg2 Nc6 6. Qa4 Bb4+ 7. Bd2 Nd5 8.
Bxb4 Nxb4 9. O-O Rb8 10. Nc3 a6 11. Ne5 O-O 12. Nxc6 Nxc6 13. Bxc6 bxc6 14. Qxc4
Qd6 15. b3 Rb4 16. Ne4 Rxc4 17. Nxd6 Rxd4 18. Nc4 c5 19. Rfc1 Bd7 20. Na5 Bb5
21. e3 Rd5 22. Nb7 g6 23. Nxc5 Rfd8 24. Kg2 Kg7 25. Rc3 Rd1 26. Rxd1 Rxd1 27.
Nb7 Rd7 28. a4 Be2 29. Rc6 Bd1 30. Nc5 Rd6 31. Rxc7 Rb6 32. a5 Rb5 33. Nxe6+ Kf6
34. Nc5 Rxa5 35. b4 Rb5 36. Ne4+ 1-0

[Event "Chigorin Memorial 2014"]
[Site "St Petersburg RUS"]
[Date "2014.10.20"]
[Round "3.129"]
[White "Vorobyova, Valeriya"]
[Black "Altshul, Raffael"]
[Result "0-1"]
[BlackTitle "FM"]
[WhiteElo "1742"]
[BlackElo "2174"]
[WhiteFideId "34130290"]
[BlackFideId "4120280"]
[EventDate "2014.10.18"]

1. e4 c5 2. Nf3 Nc6 3. d4 cxd4 4. Nxd4 Qb6 5. Nb3 Nf6 6. Nc3 e6 7. Bd3 a6 8. O-O
Be7 9. Be3 Qc7 10. f4 d6 11. a4 b6 12. h3 Bb7 13. Qe2 Nb4 14. a5 b5 15. Nd4 O-O
16. Qe1 d5 17. e5 Ne4 18. Bc1 Bc5 19. Ne2 Nc6 20. c3 Nxa5 21. Kh2 Nc6 22. Nb3
Ne7 23. Ng3 Nxg3 24. Qxg3 Bb6 25. Qg4 Nc6 26. Rf3 d4 27. Rg3 g6 28. h4 dxc3 29.
h5 Ne7 30. hxg6 Nxg6 31. Bxg6 hxg6 32. Qg5 Rfd8 33. Rxc3 Qd7 34. Qf6 Qd5 35. Rf3
Rd7 36. Qg5 Bd8 37. Qh6 Be7 38. Na5 Bf8 39. Qh4 Rc8 40. Nxb7 Qxb7 41. Rh3 Bg7
42. Be3 Rc2 43. Rg1 Qe4 44. Kh1 Kf8 45. Bb6 Rd3 46. Rxd3 Qxd3 47. Bd8 Kg8 48.
Bf6 Qe2 49. Bxg7 Kxg7 50. Qf6+ Kg8 51. Kh2 Rxb2 52. Qd8+ Kh7 53. Qf8 Qh5+ 54.
Kg3 g5 55. fxg5 Rb3+ 56. Kf2 Qh4+ 57. g3 Qd4+ 58. Kg2 Rxg3+ 59. Kxg3 Qxg1+ 60.
Kh3 Qh1+ 61. Kg4 Qe4+ 62. Kg3 Qf5 63. Qh6+ Kg8 64. Qh4 Qxe5+ 65. Kg2 Qe2+ 66.
Kh3 Qd3+ 67. Kg2 a5 68. Qf4 Qd5+ 69. Kg3 a4 0-1

[Event "Chigorin Memorial 2014"]
[Site "St Petersburg RUS"]
[Date "2014.10.20"]
[Round "3.157"]
[White "Belova, Olga"]
[Black "Shemenko, Georgy"]
[Result "1-0"]
[WhiteTitle "WFM"]
[WhiteElo "2080"]
[BlackElo "1803"]
[WhiteFideId "4138422"]
[BlackFideId "34112879"]
[EventDate "2014.10.18"]

1. e4 e6 2. d4 d5 3. Nc3 Nf6 4. Bg5 Bb4 5. Ne2 h6 6. Bxf6 Qxf6 7. a3 Bxc3+ 8.
Nxc3 Qd8 9. Bd3 O-O 10. Qd2 Nc6 11. Bb5 Qd7 12. O-O-O a6 13. Bxc6 Qxc6 14. g4
Bd7 15. Rhg1 Kh7 16. g5 h5 17. Qd3 g6 18. Qf3 dxe4 19. Nxe4 Rad8 20. Qf4 Qb5 21.
Nf6+ Kh8 22. d5 Qe2 23. Rde1 e5 24. Qg3 Qc4 25. Qxe5 Ba4 26. Re2 Bb5 27. Re4 Qa2 1-0

[Event "Chigorin Memorial 2014"]
[Site "St Petersburg RUS"]
[Date "2014.10.21"]
[Round "4.18"]
[White "Volkov, Sergey"]
[Black "Sergienko, Sergey"]
[Result "1-0"]
[WhiteTitle "GM"]
[BlackTitle "IM"]
[WhiteElo "2599"]
[BlackElo "2380"]
[WhiteFideId "4122763"]
[BlackFideId "4115791"]
[EventDate "2014.10.18"]

1. d4 Nf6 2. c4 e6 3. Nc3 Bb4 4. f3 c5 5. d5 O-O 6. e4 Re8 7. Ne2 exd5 8. cxd5
d6 9. Ng3 Nbd7 10. Be2 a6 11. O-O Nf8 12. a4 Rb8 13. Kh1 h6 14. Qc2 Ng6 15. Bd2
Bd7 16. b3 Qc8 17. Ra2 Ba5 18. Nb5 axb5 19. Bxa5 b4 20. Bb6 Nf4 21. Bc4 Re5 22.
Qc1 g5 23. Ne2 Nxe2 24. Rxe2 Qf8 25. f4 gxf4 26. Qxf4 Nh5 27. Qh4 Rbe8 28. Ref2
Qe7 29. Qxe7 R5xe7 30. Bc7 Rxe4 31. Bxd6 Bxa4 32. Bxc5 Rc8 33. Bb6 Be8 34. d6
Rexc4 35. bxc4 Rxc4 36. Rxf7 1-0

[Event "Chigorin Memorial 2014"]
[Site "St Petersburg RUS"]
[Date "2014.10.21"]
[Round "4.21"]
[White "Ponomarev, Dmitry"]
[Black "Lintchevski, Daniil"]
[Result "0-1"]
[WhiteTitle "IM"]
[BlackTitle "GM"]
[WhiteElo "2413"]
[BlackElo "2555"]
[WhiteFideId "24112046"]
[BlackFideId "4171055"]
[EventDate "2014.10.18"]

1. c4 c6 2. d4 d5 3. Nf3 Nf6 4. Nc3 a6 5. a4 e6 6. g3 Nbd7 7. Bg2 Bb4 8. O-O O-O
9. Qc2 a5 10. Rd1 Qe7 11. e4 dxc4 12. e5 Nd5 13. Ng5 f5 14. exf6 gxf6 15. Nge4
Qg7 16. Na2 f5 17. Ng5 N7b6 18. Nxb4 Nxb4 19. Qe2 Nd3 20. Bd2 Nxb2 21. Rdb1
N6xa4 22. Bf4 c3 23. Qc2 Qxd4 24. Be3 Qb4 25. Qe2 Qg4 26. Bf3 Qc4 27. Qc2 b5 28.
Be2 Qb4 29. Bf1 Bd7 30. Qe2 Qg4 31. f3 Qh5 32. h4 e5 33. Rd1 Rad8 34. Rd6 Nc4
35. Qa2 Nb2 36. Bb6 Qe8 37. Bxd8 Qxd8 38. Bxc4+ Nxc4 39. Rad1 Qb6+ 40. Kh2 Be8
41. Rd8 Bf7 42. Nxf7 Kxf7 43. R1d7+ Kg8 44. Rxf8+ Kxf8 45. Qc2 Ke8 46. Qd3 e4
47. fxe4 fxe4 0-1

[Event "Chigorin Memorial 2014"]
[Site "St Petersburg RUS"]
[Date "2014.10.21"]
[Round "4.52"]
[White "Abdusattorova, Bakhora"]
[Black "Slavin, Alexey"]
[Result "0-1"]
[WhiteTitle "WFM"]
[BlackTitle "IM"]
[WhiteElo "2102"]
[BlackElo "2397"]
[WhiteFideId "14204126"]
[BlackFideId "24104388"]
[EventDate "2014.10.18"]

1. d4 Nf6 2. c4 e6 3. Nc3 Bb4 4. e3 b6 5. Ne2 Ba6 6. Ng3 c5 7. d5 Bxc3+ 8. bxc3
O-O 9. f3 Ne8 10. Bd3 f5 11. O-O Qf6 12. Rb1 exd5 13. Nxf5 Nc6 14. Ng3 dxc4 15.
Be4 Rd8 16. Qa4 Nc7 17. Qc2 g6 18. f4 d5 19. Bf3 d4 20. f5 Ne5 21. fxg6 Qxg6 22.
Be4 Rxf1+ 23. Nxf1 d3 24. Bxg6 dxc2 25. Bxc2 Nd3 26. Bd2 Nb5 27. Bxd3 Rxd3 28.
Rc1 Nd6 29. Kf2 Bb7 30. Be1 Ne4+ 31. Ke2 Nf6 32. Bh4 Nd5 33. Be1 b5 34. a3 Kf7
35. Bd2 Nf6 36. g3 Bg2 37. Rc2 Ne4 38. Be1 Ke6 39. g4 Bxf1+ 40. Kxf1 Rxe3 41. a4
bxa4 42. Ra2 Nxc3 43. Ra3 Nd5 44. Rxa4 Re4 45. Rxa7 Ne3+ 46. Kg1 Nxg4 47. Ba5 h5
48. Rc7 Re5 49. Bd2 Rd5 50. Bc3 Kf5 51. Re7 Rd3 52. Ba5 Nf6 53. Bc7 Rd5 54. Re3
Ne4 55. Rf3+ Ke6 56. Re3 Rd1+ 57. Kg2 Kd5 58. Kf3 Rf1+ 59. Ke2 Rf2+ 60. Ke1 Rf7
61. Ba5 Ra7 62. Bd8 Ra1+ 63. Ke2 Ra2+ 0-1

[Event "Chigorin Memorial 2014"]
[Site "St Petersburg RUS"]
[Date "2014.10.21"]
[Round "4.58"]
[White "Baraeva, Irina"]
[Black "Nanjo, Ryosuke"]
[Result "1-0"]
[WhiteTitle "WIM"]
[BlackTitle "CM"]
[WhiteElo "2197"]
[BlackElo "2384"]
[WhiteFideId "24142565"]
[BlackFideId "7000634"]
[EventDate "2014.10.18"]

1. d4 e6 2. c4 f5 3. Nf3 Nf6 4. g3 Be7 5. Bg2 O-O 6. O-O d6 7. Nc3 a5 8. Qc2 Nc6
9. Rd1 Qe8 10. a3 e5 11. dxe5 dxe5 12. Nb5 Bd8 13. b3 Qh5 14. Qb2 e4 15. Nfd4
Ne5 16. Bf4 Ng6 17. Bxc7 Bxc7 18. Nxc7 Rb8 19. Nce6 Bxe6 20. Nxe6 Rfe8 21. Rd6
Re7 22. Nxg7 Rxg7 23. Qxf6 Rf8 24. Rd8 Rf7 25. Rxf8+ Nxf8 26. Qb2 Qg6 27. Rd1 h5
28. Qe5 Qb6 29. Qb5 Qxb5 30. cxb5 h4 31. f3 hxg3 32. hxg3 Rg7 33. fxe4 fxe4 34.
Bxe4 Rxg3+ 35. Kf2 Rg7 36. Rg1 Rxg1 37. Kxg1 b6 38. Bf5 Kf7 39. Kf2 Ke7 40. Ke3
Kd6 41. Kd4 1-0

[Event "Chigorin Memorial 2014"]
[Site "St Petersburg RUS"]
[Date "2014.10.21"]
[Round "4.95"]
[White "Baraeva, Marina"]
[Black "Palchun, Grigory"]
[Result "0-1"]
[WhiteTitle "WIM"]
[WhiteElo "2089"]
[BlackElo "2284"]
[WhiteFideId "24142573"]
[BlackFideId "24147338"]
[EventDate "2014.10.18"]

1. d4 Nf6 2. c4 e6 3. Nc3 Bb4 4. Qc2 O-O 5. e4 d5 6. e5 Ne4 7. Bd3 c5 8. cxd5
exd5 9. Ne2 cxd4 10. Nxd4 Nd7 11. f4 Qh4+ 12. g3 Qh3 13. Bf1 Qh6 14. Bg2 Qa6 15.
Ne2 Qb6 16. Bxe4 dxe4 17. Qxe4 Nc5 18. Qf3 Bh3 19. Be3 Nd3+ 20. Kd2 Bxc3+ 21.
Nxc3 Qxb2+ 22. Kxd3 Bf5+ 23. Kc4 Rac8+ 24. Bc5 Rxc5+ 25. Kxc5 Qb6+ 0-1

[Event "Chigorin Memorial 2014"]
[Site "St Petersburg RUS"]
[Date "2014.10.21"]
[Round "4.155"]
[White "Shemyakin, Valeriy"]
[Black "Rubtsov, Aleksandr"]
[Result "1-0"]
[WhiteElo "2054"]
[BlackElo "1666"]
[WhiteFideId "14132818"]
[BlackFideId "34179272"]
[EventDate "2014.10.18"]

1. d4 d5 2. c4 c6 3. Qb3 Nf6 4. Nf3 Qb6 5. c5 Qc7 6. g3 Bf5 7. Bf4 Qc8 8. Nc3 e6
9. Bg2 Nbd7 10. Nh4 Be7 11. Nxf5 exf5 12. Qc2 g6 13. O-O O-O 14. b4 Re8 15. f3
Nf8 16. e4 fxe4 17. fxe4 dxe4 18. Nxe4 Nxe4 19. Bxe4 Bf6 20. Rad1 Ne6 21. Be3
Bg7 22. d5 cxd5 23. Bxd5 Re7 24. Qb3 Qc7 25. Rd2 Rd8 26. Rfd1 Rde8 27. Qa4 a6
28. Bxe6 Rxe6 29. Bf4 Qc6 30. Qxc6 Rxc6 31. Rd8 Re6 32. R1d7 Bc3 33. Rxe8+ Rxe8
34. Rxb7 Rc8 35. Rb8 Rxb8 36. Bxb8 Kf8 37. Bd6+ Ke8 38. c6 Kd8 39. Kf2 Bd4+ 40.
Kf3 Bb6 41. Ke4 f5+ 42. Kd5 Bc7 43. a4 Bb6 44. b5 axb5 45. axb5 Bg1 46. h3 Bb6
47. Bc5 Bc7 48. b6 Bxg3 49. Bd6 Bxd6 50. Kxd6 Kc8 51. b7+ Kb8 52. Kd7 f4 53. c7+
Kxb7 54. c8=Q+ Kb6 55. Qc6+ Ka5 56. Qb7 h5 57. Kc6 Ka4 58. Kc5 Ka3 59. Kc4 Ka2
60. Kc3 Ka3 61. Qb3# 1-0

[Event "Chigorin Memorial 2014"]
[Site "St Petersburg RUS"]
[Date "2014.10.21"]
[Round "4.175"]
[White "Kokhnover, Ilya"]
[Black "Shadunts, Kirill"]
[Result "1-0"]
[WhiteElo "1840"]
[BlackElo "1696"]
[WhiteFideId "24159174"]
[BlackFideId "34152781"]
[EventDate "2014.10.18"]

1. e4 e6 2. d4 d5 3. Nc3 Bb4 4. Ne2 dxe4 5. a3 Be7 6. Nxe4 Nf6 7. N2g3 Nbd7 8.
Bf4 Nxe4 9. Nxe4 Nf6 10. Bd3 O-O 11. Nxf6+ Bxf6 12. c3 Re8 13. O-O Bd7 14. Be4
c6 15. Re1 Qc8 16. Re3 g6 17. Bc2 Rd8 18. Be5 Bxe5 19. dxe5 Be8 20. Qg4 Qc7 21.
Qg5 Qd7 22. Rd3 Qc7 23. Rf3 Rd5 24. Re1 Rad8 25. Qf6 h5 26. g4 hxg4 27. Rf4 Rc8
28. Bxg6 fxg6 29. Qxe6+ Kg7 30. Qf6+ Kg8 31. Qf8+ Kh7 32. Rxg4 g5 33. Re3 Rd1+
34. Kg2 Bh5 35. Qf5+ Bg6 36. Rh3+ Kg8 37. Qxg6+ 1-0

[Event "Chigorin Memorial 2014"]
[Site "St Petersburg RUS"]
[Date "2014.10.22"]
[Round "5.2"]
[White "Goganov, Aleksey"]
[Black "Kazhgaleyev, Murtas"]
[Result "0-1"]
[WhiteTitle "GM"]
[BlackTitle "GM"]
[WhiteElo "2608"]
[BlackElo "2566"]
[WhiteFideId "24109959"]
[BlackFideId "13700316"]
[EventDate "2014.10.18"]

1. d4 Nf6 2. c4 e6 3. Nf3 b6 4. g3 Bb4+ 5. Bd2 Bxd2+ 6. Qxd2 Ba6 7. b3 c6 8. Nc3
d5 9. e4 Nxe4 10. Nxe4 dxe4 11. Ng5 c5 12. Bg2 Nc6 13. dxc5 Qxd2+ 14. Kxd2 f5
15. Nxe6 Kf7 16. Nf4 Ne5 17. cxb6 axb6 18. Kc3 b5 19. a4 bxc4 20. b4 g5 21. Nd5
Rad8 22. Rhd1 Bb7 23. Ne3 Rd3+ 24. Rxd3 cxd3 25. Nxf5 Rc8+ 26. Kd4 Kf6 27. Nd6
Rd8 28. Kc5 d2 29. Bf1 Ke6 30. Bc4+ Nxc4 31. Nxb7 Rc8+ 32. Kd4 Nb2 33. Nc5+ Kf5
34. g4+ Kxg4 35. Nxe4 Rc4+ 0-1

[Event "Chigorin Memorial 2014"]
[Site "St Petersburg RUS"]
[Date "2014.10.22"]
[Round "5.3"]
[White "Matlakov, Maxim"]
[Black "Pridorozhni, Aleksei"]
[Result "1/2-1/2"]
[WhiteTitle "GM"]
[BlackTitle "GM"]
[WhiteElo "2692"]
[BlackElo "2514"]
[WhiteFideId "4168003"]
[BlackFideId "4127870"]
[EventDate "2014.10.18"]

1. d4 d5 2. c4 c6 3. Nf3 Nf6 4. Nc3 e6 5. e3 a6 6. Qc2 c5 7. cxd5 exd5 8. Be2
Nc6 9. O-O cxd4 10. exd4 Be6 11. Bg5 Be7 12. Rad1 O-O 13. Ne5 Rc8 14. Bf3 Nd7
15. Bxe7 Qxe7 16. Ng4 Qd6 17. Ne3 Nf6 18. Rfe1 Na5 19. Qd2 Nc4 20. Nxc4 Rxc4 21.
h3 h6 22. Be2 Rc7 23. Bd3 Re8 24. Re5 Rce7 25. Rde1 Nd7 26. R5e3 Nf6 27. Re5 Nd7
28. R5e3 Nf6 29. Re5 Nd7 1/2-1/2

[Event "Chigorin Memorial 2014"]
[Site "St Petersburg RUS"]
[Date "2014.10.22"]
[Round "5.4"]
[White "Lalith, Babu M.R."]
[Black "Rodshtein, Maxim"]
[Result "1/2-1/2"]
[WhiteTitle "GM"]
[BlackTitle "GM"]
[WhiteElo "2547"]
[BlackElo "2678"]
[WhiteFideId "5024595"]
[BlackFideId "2806851"]
[EventDate "2014.10.18"]

1. d4 Nf6 2. c4 g6 3. Nc3 d5 4. cxd5 Nxd5 5. Bd2 Bg7 6. e4 Nxc3 7. Bxc3 O-O 8.
Nf3 Bg4 9. Be2 c5 10. d5 Bxc3+ 11. bxc3 Qd6 12. O-O Nd7 13. Rb1 Rab8 14. Nd2
Bxe2 15. Qxe2 e6 16. Rfd1 exd5 17. exd5 Rfe8 18. Qd3 b5 19. Rxb5 Rxb5 20. Qxb5
Qxd5 21. Qb1 Nb6 22. Nf1 Qc4 23. Re1 Rxe1 24. Qxe1 h5 25. a3 Nd5 26. Qe8+ Kg7
27. Qe5+ Kh7 28. Ne3 Nxe3 29. fxe3 a5 30. h3 a4 31. Kh2 Kg8 32. Qe8+ Kg7 33.
Qe5+ Kg8 34. Qe8+ Kg7 35. Qe5+ Kg8 1/2-1/2

[Event "Chigorin Memorial 2014"]
[Site "St Petersburg RUS"]
[Date "2014.10.22"]
[Round "5.5"]
[White "Zontakh, Andrey"]
[Black "Sjugirov, Sanan"]
[Result "1/2-1/2"]
[WhiteTitle "GM"]
[BlackTitle "GM"]
[WhiteElo "2539"]
[BlackElo "2664"]
[WhiteFideId "14101130"]
[BlackFideId "4189302"]
[EventDate "2014.10.18"]

1. d4 d5 2. c4 c6 3. Nf3 Nf6 4. Nc3 dxc4 5. a4 Bf5 6. e3 e6 7. Bxc4 Bb4 8. O-O
Nbd7 9. Qe2 Bg6 10. e4 O-O 11. Bd3 Bh5 12. e5 Nd5 13. Nxd5 cxd5 14. Qe3 Re8 15.
Ng5 Bg6 16. Bxg6 fxg6 17. Qh3 Nf8 18. Qb3 Qb6 19. Be3 Rec8 20. Rfc1 h6 21. Nf3
g5 22. Qd3 g4 23. Nd2 Qa6 24. Qb5 Qxb5 25. axb5 Rxc1+ 26. Rxc1 a6 27. bxa6 Rxa6
28. Nb3 Rb6 29. Kf1 Ba3 30. bxa3 Rxb3 31. Rc7 Rxa3 32. Rxb7 Ra1+ 33. Ke2 Rh1 34.
Rb8 Rxh2 35. Bf4 Rh1 36. Bd2 Kf7 37. Rb7+ Kg6 38. Rb8 Nh7 39. Rb6 Kf7 40. Rb7+
Kg6 41. Rb6 Kf7 1/2-1/2

[Event "Chigorin Memorial 2014"]
[Site "St Petersburg RUS"]
[Date "2014.10.22"]
[Round "5.6"]
[White "Ivanisevic, Ivan"]
[Black "Prizant, Jaroslav"]
[Result "1-0"]
[WhiteTitle "GM"]
[BlackTitle "IM"]
[WhiteElo "2623"]
[BlackElo "2511"]
[WhiteFideId "912417"]
[BlackFideId "4140664"]
[EventDate "2014.10.18"]

1. d4 d5 2. c4 e6 3. Nc3 c6 4. e3 f5 5. Bd3 Nf6 6. Nge2 Bd6 7. f3 O-O 8. Qc2
dxc4 9. Bxc4 b5 10. Bb3 Kh8 11. O-O Na6 12. Bd2 Rb8 13. a4 Nb4 14. Qd1 a6 15.
Kh1 c5 16. axb5 axb5 17. dxc5 Bxc5 18. Nd4 e5 19. Na2 Nxa2 20. Nc6 Qb6 21. Nxb8
Nb4 22. Rc1 Rd8 23. Bxb4 Bxb4 24. Rc6 1-0

[Event "Chigorin Memorial 2014"]
[Site "St Petersburg RUS"]
[Date "2014.10.22"]
[Round "5.7"]
[White "Stupak, Kirill"]
[Black "Bukavshin, Ivan"]
[Result "1/2-1/2"]
[WhiteTitle "GM"]
[BlackTitle "GM"]
[WhiteElo "2545"]
[BlackElo "2616"]
[WhiteFideId "13503758"]
[BlackFideId "4199758"]
[EventDate "2014.10.18"]

1. d4 Nf6 2. c4 e6 3. Nf3 c5 4. g3 cxd4 5. Nxd4 Qc7 6. b3 e5 7. Nf3 Nc6 8. Nc3
e4 9. Nb5 Qb6 10. Be3 Qa5+ 11. Bd2 Qb6 12. Be3 Bc5 13. Bxc5 Qxc5 14. Qd6 Qxd6
15. Nxd6+ Ke7 16. Nf5+ Kf8 17. N3d4 g6 18. Nxc6 dxc6 19. Nd6 Ke7 20. c5 Nd7 21.
Rc1 f5 22. f3 exf3 23. exf3 b6 24. Nxc8+ Rhxc8 25. cxb6 axb6 26. Rc2 Ra3 27. h3
Ne5 28. f4 Nf3+ 29. Kf2 Nd4 30. Rd2 c5 31. Bg2 Rc7 32. Rb1 Rca7 33. Rbb2 Nb5 34.
Rbc2 Kf6 35. Bd5 h6 36. Kg2 Rd7 37. b4 Nd4 38. Bb3 Ke7 39. Rc4 Kd6 40. bxc5+
bxc5 41. h4 Rg7 42. Rc3 g5 43. fxg5 hxg5 44. hxg5 Rxg5 45. Rf2 Rg7 46. Rd3 Kc7
47. Bc4 Ra8 48. Rf1 Kb6 49. Bd5 Raa7 1/2-1/2

[Event "Chigorin Memorial 2014"]
[Site "St Petersburg RUS"]
[Date "2014.10.22"]
[Round "5.8"]
[White "Batchuluun, Tsegmed"]
[Black "Sethuraman, S.P."]
[Result "1/2-1/2"]
[WhiteTitle "GM"]
[BlackTitle "GM"]
[WhiteElo "2523"]
[BlackElo "2613"]
[WhiteFideId "4900847"]
[BlackFideId "5021596"]
[EventDate "2014.10.18"]

1. d4 d6 2. Nf3 g6 3. c4 f5 4. g3 Bg7 5. Bg2 Nf6 6. O-O O-O 7. b3 c6 8. Bb2 a5
9. a3 Na6 10. Nbd2 Bd7 11. Re1 e5 12. dxe5 Ng4 13. Qc2 Nxe5 14. Rad1 Qe7 15. Bc3
Nc7 16. Qb2 Rfe8 17. Nxe5 Bxe5 18. e3 Na6 19. b4 Be6 20. Rb1 Bf7 21. Red1 axb4
22. axb4 Rac8 23. Rdc1 c5 24. bxc5 Nxc5 25. Qc2 Red8 26. Bd4 Rd7 27. Rb5 Bxd4
28. exd4 Ne4 29. Nxe4 fxe4 30. Qxe4 Rxc4 31. Rxc4 Bxc4 32. Qxe7 Rxe7 33. Bd5+
Bxd5 34. Rxd5 Rd7 35. Kg2 Kf7 36. Kf3 Ke6 37. Rb5 Rc7 38. Ke4 Rd7 39. Rb6 Rc7
40. f4 h5 41. d5+ Ke7 42. Kd4 Rd7 43. Rb2 Kf6 44. Ke4 Re7+ 45. Kf3 Rc7 46. Rb6
Ke7 47. Ke4 Rc4+ 48. Kd3 Rc7 49. h3 Rd7 50. Rb2 Kf6 51. Re2 Kf7 52. g4 hxg4 53.
hxg4 b5 54. g5 Ra7 55. Rb2 Ra3+ 56. Ke2 Ra4 57. Ke3 Ra3+ 58. Ke4 Ra4+ 59. Kf3 b4
60. Ke3 Ra3+ 61. Kd4 b3 62. Kc3 Ra5 63. Kc4 Rc5+ 64. Kd4 Rb5 65. Kc4 Rc5+ 66.
Kd4 Rb5 67. Kc4 Rc5+ 68. Kd4 Rb5 1/2-1/2

[Event "Chigorin Memorial 2014"]
[Site "St Petersburg RUS"]
[Date "2014.10.22"]
[Round "5.9"]
[White "Demidov, Mikhail"]
[Black "Potkin, Vladimir"]
[Result "1/2-1/2"]
[WhiteTitle "IM"]
[BlackTitle "GM"]
[WhiteElo "2516"]
[BlackElo "2610"]
[WhiteFideId "4197143"]
[BlackFideId "4131061"]
[EventDate "2014.10.18"]

1. d4 Nf6 2. Nf3 d5 3. c4 e6 4. Nc3 c6 5. cxd5 exd5 6. Qc2 Be7 7. Bg5 g6 8. e4
dxe4 9. Bxf6 Bxf6 10. Qxe4+ Qe7 11. Qxe7+ Kxe7 12. Bc4 Bf5 13. O-O-O Nd7 14. h3
h5 15. Rhe1+ Kf8 16. Bd3 Bxd3 17. Rxd3 Kg7 18. Ne4 Rhe8 19. Rde3 Rad8 20. Nd6
Rxe3 21. Rxe3 b6 22. Re8 c5 23. Rxd8 Bxd8 24. dxc5 bxc5 25. Kc2 Kf6 26. Kd3 Ke6
27. Ne4 f5 28. Nc3 g5 29. Nd2 Ne5+ 30. Ke2 a6 31. g3 Be7 32. Na4 g4 33. hxg4
hxg4 34. Nb6 Bg5 35. Ndc4 Nxc4 36. Nxc4 Kd5 37. Kd3 Bf6 38. Ne3+ Ke6 39. b3 Bd4
40. Ke2 Ke5 41. f3 gxf3+ 1/2-1/2